00421 2200157 4500001002100000005001500021035002000036245003500056260004600091300001200137008004100149020002200190082001200212084001800224100002100242INLIS00000000000021920230323120323 a0010-03230002191 aMENGENAL 10 PENYAKIT MEMATIKAN aYogyakarta :bPustaka Insan Madani,c2009 a130 hlm230323 0  a978-979-026-254-6 a616.994 a616.994 SEN m0 aSentot Widiyanto Online Public Access Catalog - Perpusnas RI

Kesalahan (#32)

Terjadi kesalahan internal server.

The above error occurred while the Web server was processing your request.

Please contact us if you think this is a server error. Thank you.